Možnosti vytvorenia expertného systému pre výučbu biologických disciplín na počítačoch SMEP

Bibliographic Details
Main Authors: Koščo, Tibor, 1940-2006 (Author), Bosák, Jozef (Author)
Format: Article
Language:Slovak
Subjects:

MARC

LEADER 00000nab a2200000 a 4500
001 vtls000286031
003 SK-MaSNL
005 20260303223933.0
008 111202c1987 xo 0 slo
015 |a SNBRA19rr/mm-uuuuu 
035 |a CL0296149 
040 |a SNKBUCL  |b slo  |c SNKBUCL  |e AACR2 
041 0 |a slo 
044 |a xo  |c SK 
080 |a 371.68/.69:681.3:372.857  |2 1981 
080 |a 681.3  |2 1981 
080 |a 372.857  |2 1981 
080 |a 681.3/.5  |2 1981 
100 1 |a Koščo, Tibor,  |d 1940-2006  |4 aut  |9 213903 
245 1 0 |a Možnosti vytvorenia expertného systému pre výučbu biologických disciplín na počítačoch SMEP  |c Tibor Koščo, Jozef Bosák 
650 0 7 |a disciplíny biologické  |2 snkbucl  |9 1259109 
650 0 7 |a výpočtová technika  |2 snkbucl  |9 1126 
655 7 |a články zo zborníkov  |2 snkbucl  |9 166140 
700 1 |a Bosák, Jozef  |4 aut  |9 1239374 
773 0 |t Využitie výpočtovej techniky v školstve  |d Bratislava : Dom techniky ČSVTS, 1987 
850 |a Slovenská národná knižnica v Martine  |a MTA001 
852 |a SNK  |b KIS3GCP 
958 |a RK 
992 |a RZB 
999 |c 2249921  |d 2251851